zpět

Detail výsledku týmu

The PUB Praha 6 , Praha

Datum a čas kvízu

25.5 Celkem bodů Celkový počet nahraných bodů na tomto kvízu bez doplňovacích otázek.
7. Pořadí na kvízu Konečné umístění týmu na tomto kvízu.

Zaznamenané odpovědi

# Otázka Odpověď Body Výsledky
1. Ve věku 100 let zemřel posledn... Emil Boček 1
2. Minulý týden spustila společno... Bard 0
3. Aukci v pražské výstavní síni... Oskar Kokoschka 0
4. Zlínská obuvnická firma Vasky... Botas 1
5. V noci na středu našeho času s... baseball 1
6. Vítězné téma facebookového hla... D) chléb ve tvaru ucha 1
7. První písemná zmínka o lasagní... Bologna 1
8. Dne 1. dubna 1957 odvysílala j... BBC 0
9. Přiřaďte k sobě jednotlivé typ... 1A 2D 3B 4C 1
10. Těstoviny této značky lze zako... Barilla 0